Polskie aktorki od A do Ż - quiz obrazkowy. - Statystyki

Ogólne statystyki
  • Ten quiz został rozwiązany 227 razy
    217 od ostatniego zresetowania
  • Średni wynik to 11 z 25
Statystyki odpowiedzi
Obrazkowy Odpowiedź % Poprawnych
Anna Dymna
83%
Katarzyna Żak
77%
Tamara Arciuch
77%
Katarzyna Figura
73%
Krystyna Janda
71%
Kinga Preis
67%
Irena Kwiatkowska
65%
Maja Ostaszewska
65%
Stanisława Celińska
63%
Pola Raksa
52%
Beata Tyszkiewicz
49%
Ewa Błaszczyk
48%
Ewa Ziętek
41%
Karolina Gruszka
37%
Helena Englert
35%
Anna Seniuk
34%
Zofia Merle
33%
Paulina Holtz
32%
Anna Nehrebecka
21%
Anna Ilczuk
19%
Marta Lipińska
15%
Aleksandra Śląska
13%
Katarzyna Ucherska
8%
Lucyna Winnicka
8%
Halina Łabonarska
5%
Nie znaleziono quizów pasujących do podanych kryteriów
Rozkład punktacji
Procent ludzi z każdym wynikiem
Percentyl według liczby udzielonych odpowiedzi
Twoja historia wyników
Nie rozwiązałeś tego quizu od ostatniego zresetowania